000 00582nam a2200205Ia 4500
005 20250508165552.0
008 008 250505s9999 xx 000 0 hin d
020 _a978-0-14-025760-1
037 _aTextBook
040 _aFEDL
_beng
_cFEDL
041 _ahin
_2eng
084 _a370.115, FRE/R
_qFEDL
100 _aFreire Paulo
245 0 _aPedagogy of hope: Reliving pedagogy of the oppressed
260 _aNew Delhi, India
_bBloomsbury Academic
_c1994
300 _a226p.
365 _aINR
_b599
942 _cTB
_h370.115, FRE/R
999 _c1395918
_d1395918